000
00258nam a22001217a 4500
008
181122b xxu||||| |||| 00| 0 eng d
041
_a
eng
080
_a
341
100
_a
14
101
_a
JUR
245
_a
Quntative Analysis
_c
Noble.B
942
_2
udc
_c
BK
999
_c
52413
_d
52413